| 000 | 00605nam a22001817a 4500 | ||
|---|---|---|---|
| 003 | UA-OsUOA | ||
| 001 | 18257 | ||
| 007 | ta | ||
| 008 | 20040426b un ||||| |||| 00| 0 ukr d | ||
| 100 | _aВальчук П. | ||
| 942 | _cSA | ||
| 040 |
_aUA-OsUOA _cUA-OsUOA _dUA-OsUOA |
||
| 245 |
_aСвято двох відділень _b[У Рівнен. центр. міськ. лікарні створено від-ня судин. неврології] |
||
| 300 | _aС.2 | ||
| 955 | _a0 | ||
| 773 | 0 |
_w0 _tСім днів _dРівне _d2004 _g№16/ 16 квіт./ |
|
| 650 | 7 |
_aКраєзнавча робота _2UDC |
|
| 999 |
_c304428 _d304428 |
||